Nové smery vo výrobných technológiách 2008. New ways in manufacturing technologies 2008 : IX. medzinárodná vedecká konferencia. Prešov, 19.-21.6.2008
Enregistré dans:
| Format: | Livre |
|---|---|
| Publié: |
Prešov :
Fakulta výrobných technológií Technickej univerzity v Košiciach so sídlom v Prešove,
2008
|
| Sujets: | |
| Tags: |
Pas de tags, Soyez le premier à ajouter un tag!
|
MARC
| LEADER | 00000nam a22000003a 4500 | ||
|---|---|---|---|
| 001 | stu166176 | ||
| 005 | 20150408163537.1 | ||
| 008 | 080701s2008----xo----------------------d | ||
| 020 | |a 978-80-553-0044-3 | ||
| 040 | |a STU |b slo | ||
| 041 | 0 | ||
| 044 | |a xo | ||
| 245 | |a Nové smery vo výrobných technológiách 2008. New ways in manufacturing technologies 2008 : |b IX. medzinárodná vedecká konferencia. Prešov, 19.-21.6.2008 | ||
| 246 | 2 | 1 | |a New ways in manufacturing technologies 2008 |
| 260 | |a Prešov : |b Fakulta výrobných technológií Technickej univerzity v Košiciach so sídlom v Prešove, |c 2008 | ||
| 300 | |a 534 s | ||
| 650 | 7 | |a výrobné technológie |2 stusub | |
| 996 | |b 284M068030 |c M*Z-3300 |l MMKN |s A |a 24 |w stu166176_0001 | ||